<?xml version="1.0" encoding="UTF-8"?><?xml-stylesheet type="text/xsl" href="static/style.xsl"?><OAI-PMH xmlns="http://www.openarchives.org/OAI/2.0/" xmlns:xsi="http://www.w3.org/2001/XMLSchema-instance" xsi:schemaLocation="http://www.openarchives.org/OAI/2.0/ http://www.openarchives.org/OAI/2.0/OAI-PMH.xsd"><responseDate>2026-04-13T12:22:53Z</responseDate><request verb="GetRecord" identifier="oai:www.recercat.cat:2117/174928" metadataPrefix="marc">https://recercat.cat/oai/request</request><GetRecord><record><header><identifier>oai:recercat.cat:2117/174928</identifier><datestamp>2025-07-23T00:59:59Z</datestamp><setSpec>com_2072_1033</setSpec><setSpec>col_2072_452951</setSpec></header><metadata><record xmlns="http://www.loc.gov/MARC21/slim" xmlns:dcterms="http://purl.org/dc/terms/" xmlns:xsi="http://www.w3.org/2001/XMLSchema-instance" xmlns:doc="http://www.lyncode.com/xoai" xsi:schemaLocation="http://www.loc.gov/MARC21/slim http://www.loc.gov/standards/marcxml/schema/MARC21slim.xsd">
   <leader>00925njm 22002777a 4500</leader>
   <datafield ind2=" " ind1=" " tag="042">
      <subfield code="a">dc</subfield>
   </datafield>
   <datafield ind2=" " ind1=" " tag="720">
      <subfield code="a">Gómez Martínez, Victor</subfield>
      <subfield code="e">author</subfield>
   </datafield>
   <datafield ind2=" " ind1=" " tag="260">
      <subfield code="c">2018-09</subfield>
   </datafield>
   <datafield ind2=" " ind1=" " tag="520">
      <subfield code="a">Reducir las vibraciones y el ruido de un avión tipo comercial, mediante una distribución de sistemas DVA (Dynamic Vibration Absorber) en la estructura tal que la reducción sea óptima.</subfield>
   </datafield>
   <datafield ind2=" " ind1=" " tag="520">
      <subfield code="a">En el siguiente documento se presenta un estudio de reducción vibro-acústica mediante la implementación de distribuciones óptimas de dispositivos DVA sobre estructuras complejas, ofreciendo un aumento considerable en el nivel de eficacia de este tipo de medidas. El propósito del documento es desarrollar y validar una metodología, que incluye las fases de modelización y cálculo del escenario, así como la optimización de las características y posición de los DVA sobre la estructura, que permita realizar con garantías el estudio objeto. Para ello, se pretende validar sus diferentes aplicaciones mediante dos casos de estudio en elementos estructurales simples, tales como una viga en voladizo sometida a una fuerza armónica o una placa plana sometida a un impacto puntual. Ambos casos se simulan por computación y se ensayan, comparando los resultados obtenidos. Una vez validada, la metodología se aplica a un ala de avión sometida a una fuerza armónica, que es el tipo de carga con la que esta metodología alcanza una mayor eficacia. En base al análisis anterior, se concluye que la metodología propuesta es aplicable a estructuras aeronáuticas sometidas a cargas armónicas, donde una distribución óptima de DVA alcanza reducciones del 93,3% con un incremento de masa cercano al 0,1% del peso del avión.</subfield>
   </datafield>
   <datafield tag="653" ind2=" " ind1=" ">
      <subfield code="a">Àrees temàtiques de la UPC::Aeronàutica i espai</subfield>
   </datafield>
   <datafield tag="653" ind2=" " ind1=" ">
      <subfield code="a">Àrees temàtiques de la UPC::Enginyeria mecànica</subfield>
   </datafield>
   <datafield tag="653" ind2=" " ind1=" ">
      <subfield code="a">Damping (Mechanics)</subfield>
   </datafield>
   <datafield tag="653" ind2=" " ind1=" ">
      <subfield code="a">Vibration (Aeronautics)</subfield>
   </datafield>
   <datafield tag="653" ind2=" " ind1=" ">
      <subfield code="a">Shock absorbers</subfield>
   </datafield>
   <datafield tag="653" ind2=" " ind1=" ">
      <subfield code="a">Vibració (Aeronàutica)</subfield>
   </datafield>
   <datafield tag="653" ind2=" " ind1=" ">
      <subfield code="a">Amortiment (Mecànica)</subfield>
   </datafield>
   <datafield tag="653" ind2=" " ind1=" ">
      <subfield code="a">Amortidors</subfield>
   </datafield>
   <datafield ind2="0" ind1="0" tag="245">
      <subfield code="a">Estudio de reducción vibro-acústica en estructuras aeronáuticas</subfield>
   </datafield>
</record></metadata></record></GetRecord></OAI-PMH>